000 00431nam a2200145Ia 4500
005 20250305044342.0
008 240331s9999 xx 000 0 und d
082 _bAYY
_26140
_a920
100 _aAyyanar, B
245 0 _aSollil Irunthu Mounathukku -
_bA Collection of Interviews
260 _aChennai
_bKizhakku Pathippagam
_c2005
300 _a224 p.,
500 _aInterviews by the author with some poets and writers.
942 _cL
999 _c4730
_d4730